The Persian Ṣūfis / (Record no. 20834)

MARC details
000 -LEADER
fixed length control field 00685cam a22002651 4500
001 - CONTROL NUMBER
control field 9862798
003 - CONTROL NUMBER IDENTIFIER
control field BDDh-ASL
005 - DATE AND TIME OF LATEST TRANSACTION
control field 20231015025936.0
008 - FIXED-LENGTH DATA ELEMENTS--GENERAL INFORMATION
fixed length control field 711115s1964 enk 000 0 eng
010 ## - LIBRARY OF CONGRESS CONTROL NUMBER
LC control number 65000273
015 ## - NATIONAL BIBLIOGRAPHY NUMBER
National bibliography number GB64-11652
035 ## - SYSTEM CONTROL NUMBER
System control number (OCoLC)171364
040 ## - CATALOGING SOURCE
Original cataloging agency DLC
Transcribing agency OWoC
Modifying agency OCoLC
-- BDDh-ASL
-- Uk
-- DLC
042 ## - AUTHENTICATION CODE
Authentication code premarc
050 00 - LIBRARY OF CONGRESS CALL NUMBER
Classification number BP189
Item number .R5
082 ## - DEWEY DECIMAL CLASSIFICATION NUMBER
Classification number 297.4
Item number RIP
100 1# - MAIN ENTRY--PERSONAL NAME
Personal name Rice, Cyprian.
245 14 - TITLE STATEMENT
Title The Persian Ṣūfis /
260 ## - PUBLICATION, DISTRIBUTION, ETC.
Place of publication, distribution, etc. London:
Name of publisher, distributor, etc. G. Allen and Unwin
Date of publication, distribution, etc. [1964]
300 ## - PHYSICAL DESCRIPTION
Extent 104 p.
Dimensions 19 cm.
650 #0 - SUBJECT ADDED ENTRY--TOPICAL TERM
Topical term or geographic name entry element Sufism.
650 #0 - SUBJECT ADDED ENTRY--TOPICAL TERM
Topical term or geographic name entry element Mysticism
Geographic subdivision Iran.
906 ## - LOCAL DATA ELEMENT F, LDF (RLIN)
a 7
b cbc
c oclcrpl
d u
e ncip
f 19
g y-gencatlg
942 ## - ADDED ENTRY ELEMENTS (KOHA)
Source of classification or shelving scheme Dewey Decimal Classification
Koha item type Books
Holdings
Withdrawn status Lost status Source of classification or shelving scheme Damaged status Not for loan Collection code Home library Current library Shelving location Date acquired Source of acquisition Total Checkouts Full call number Barcode Date last seen Copy number Price effective from Koha item type
    Dewey Decimal Classification     Non-fiction Asiatic Society Library Asiatic Society Library General Stacks 01/14/2021 ASB Collection   297.4 RIP 104339 01/14/2021 C-1 01/14/2021 Books

Powered by Koha